|
|
|
|
| LEADER |
00000nam a22000007a 4500 |
| 005 |
20120906185828.0 |
| 007 |
cr|||| |||| |
| 008 |
120906s2011 sp |||||s|||| 00||0 spa d |
| 035 |
|
|
|a 6335
|
| 040 |
|
|
|a vLex
|
| 090 |
|
|
|c 3397
|d 3397
|
| 100 |
1 |
|
|a ℓlvarez Tardo̕, Manuel
|
| 245 |
1 |
0 |
|a Nuevos estudios sobre la cultura polt̕ica en la II Repb︢lica Espaǫla (1931-1936)
|h [Recurso electrn̤ico] /
|c Manuel ℓlvarez Tardo̕, Roberto Villa Garca̕
|
| 256 |
|
|
|a Servicio en ln̕ea
|
| 260 |
|
|
|a Madrid:
|b Dykinson,
|c 2011
|
| 300 |
|
|
|a 1 recurso electrn̤ico
|
| 506 |
1 |
|
|a Contenido solo disponible en los productos indicados
|d vLex Global
|d vLex Global (Academic Edition, excluding Law Schools)
|d vLex Global (U.S. Academic Edition, Law Schools)
|d vLex Global (U.S. Academic Edition, excluding Law Schools)
|d vLex Global (Academic Edition, Law Schools)
|
| 650 |
0 |
4 |
|a Espaą
|z Espaą
|y 1931-1939, Segunda Repb︢lica
|
| 700 |
1 |
|
|a Villa Garca̕, Roberto
|
| 740 |
0 |
|
|a vLex Libros (Servicio en ln̕ea)
|
| 856 |
4 |
0 |
|u http://vlex.com/source/nuevos-estudios-cultura-politica-ii-republica-espa-ola-1931-1936-6335
|z Acceso restringido
|
| 942 |
|
|
|c BOOK
|